000
00308nam a2200133Ia 4500
008
221030s9999 xx 000 0 und d
041
_a
English
082
_a
105.23
100
_a
D. S. Yadav
245
0
_a
Foundations of Information Technology
_c
by D. S. Yadav
260
_c
0
650
_a
B
942
_c
BK
999
_c
13811
_d
13811